| 000 | 01586cam a2200397 a 4500 | ||
|---|---|---|---|
| 001 | 26448 | ||
| 003 | Mx-PuUPA | ||
| 005 | 20240808100321.0 | ||
| 008 | 140415s2003 pe d gr 000 0 spa d | ||
| 017 | _a150105-2003-5078 | ||
| 020 | _a9972570401 | ||
| 040 |
_cMx-PuUPA _aMx-PuUPA _bspa _dMx-PuUPA _erda |
||
| 041 | 0 | _aspa | |
| 245 | 0 | 0 |
_aBuscando el bienestar de los pobres : _b¿cuán lejos estamos? / _cEnrique Vásquez H., Diego Winkelried Q., editores ; con la participación de Daniel Caro V., Claudia Mendieta N., Álvaro Monge [y otros cuatro] |
| 246 | 1 | 4 |
_a[Buscando el bienestar de los pobres] : _b¿cuán lejos estamos?. |
| 250 |
_a1a edición / _bnoviembre |
||
| 264 | 1 |
_aLima, Perú : _bUniversidad del Pacífico, _c2003 |
|
| 300 |
_a307 páginas : _bdiagramas, tablas ; _c25 cm |
||
| 336 |
_2rdacontent _atexto _btxt |
||
| 337 |
_2rdamedia _asin medio _bn |
||
| 338 |
_2rdacarrier _avolumen _bnc |
||
| 650 | 7 |
_2armarc _aAyuda alimentaria |
|
| 650 | 7 |
_2armarc _aIndicadores económicos _zPerú |
|
| 650 | 7 |
_2armarc _aAsistencia económica _zPerú |
|
| 650 | 7 |
_2armarc _aPobreza _zPerú |
|
| 650 | 7 |
_2armarc _aAsistencia pública _zPerú |
|
| 700 | 1 |
_aVásquez, Enrique, _eeditor _916055 |
|
| 700 | 1 |
_aWinkelried, Diego, _eeditor |
|
| 700 | 1 |
_aCaro V., Daniel, _ecolaborador |
|
| 700 | 1 |
_aMendieta N., Claudia, _ecolaborador |
|
| 700 | 1 |
_aMonge, Álvaro, _ecolaborador |
|
| 942 |
_2ddc _cLI _h339.460985 _iB976 |
||
| 999 |
_c26448 _d26448 |
||